000
00475nam a2200181Ia 4500
008
100917s9999 xx 000 0 und d
082
_b
65024
100
_a
राजाध्यक्ष विजया
245
_a
अधांतर
260
_b
सन पब्लिकेशन्स
_c
1984
300
_a
205
365
_b
40
520
_a
कथा
630
_a
अधांतर
650
_a
कथा
730
_a
अधांतर
942
_c
BOOK
999
_c
670418
_d
670415